000 00863nam a22002417a 4500
999 _c9780
_d9780
003 AR-CdUCM
008 190328b ||||| |||| 00| 0 spa d
040 _aMUNICIPALIDAD PROVINCIAL DEL CUSCO
_cBIBLIOTECA MUNICIPAL DEL CUSCO
082 _a791.5 /
_bL95
100 _aLuksic, Luis
_914038
245 _aEl maravilloso mundo de los títeres /
260 _aCaracas :
_bMinisterio del trabajo,
_c1963
300 _a116 páginas ;
_bIlustraciones.
_c24 cm.
500 _aCon dedicatoria a Luis Nieto -- Donación de la familia Nieto
505 _aContenido : Conferencias dictadas por Luis Luksic en la Casa de la Cultura Polpular del Ministerio del Trabajo
650 _aTeatro
_9173
650 _aArte
_9561
650 _aTíteres
_913473
650 _aVenezuela
_92312
710 _aMinisterio del Trabajo
_926220
942 _2ddc
_cLIBROS
945 _admma